| 000 | 00412nam a2200181Ia 4500 | ||
|---|---|---|---|
| 001 | 10956 | ||
| 005 | 20260306161910.0 | ||
| 008 | 260306t1987||||xx |||||||||||||| ||spa|| | ||
| 041 | _aESP | ||
| 082 |
_a985 _bB38 T. 3 |
||
| 100 |
_aBelaunde, Víctor Andrés _eAUT |
||
| 245 | 0 | _aLa realidad nacional | |
| 260 | _c1987 | ||
| 300 |
_a _c21 cm. |
||
| 650 | _aGEN | ||
| 654 | _aCHU | ||
| 942 |
_cLIB _dJUS _fJUS _2ddc _n |
||
| 999 |
_c10956 _d10956 |
||